British Isles - Statistics

General Stats
  • This quiz has been taken 30 times
    8 since last reset
  • The average score is 4 of 6
Answer Stats
Island % Correct
Ireland
86%
United Kingdom / UK / GB / Great Britain
86%
Man / Isle of Man / Iom
71%
Orkney
43%
Shetland / Mainland
43%
Hebrides
29%
No matching quizzes found
Score Distribution
Percent of People with Each Score
Percentile by Number Answered
Your Score History
You have not taken this quiz since the last reset